000 00608nam a2200229Ia 4500
003 OSt
005 20220928114647.0
006 a|||||r|||| 00| 0
007 ta
008 220927b |||||||| |||| 00| 0 eng d
024 _a38287
037 _cTextual
040 _aSDCL
_cSDCL
_beng
041 _2eng
_aeng
082 _aV2:67'K, L9
100 _aSivaramamurti C
245 0 _aSources of History illumined by literature
260 _aNew Delhi
_bKanak Publications
_c1979
300 _ax,216p
_ccm.
942 _hV2:67'K, L9
_cTEXL
_2CC
999 _c755806
_d755806